01162cam a2200205 a 450000100100000000500170001000800410002702000150006804000250008308200180010810000260012624500500015226000660020230000200026849000460028852005320033465000240086665000260089083000400091600000630720200929153918.0940425s1993 ve 001 0 spa  a9802531235 aDO-SdBNPbspacBNPHU aV861.44bJ27c1 aJames, Miguel,d1953-13aLa casa caramelo de la bruja /cMiguel James. aCaracas, Venezuela :bFUNDARTE. Alcaldía de Caracas,c1993. a83 p. ;c21 cm.1 aCuadernos de difusiónvno. 202.aPoesia1 a"Pese al escaso Reconocimiento crítico de su obra, en esta, asi como en sus anteriores colecciones Itala-Mi novia como flores (1988) y Albanel Tuttifrutti, Blanca y otras (1990) - Miguel James incluye Algunos de los poemas mas original provocativos que se hayan escrito en Venezuela la segunda mitad del siglo XX. ingenuo El tono con que la vida erótica, la rutina urbana, la literatura y la cultura de masas se mezclan, crea un discurso irreverente, pero a la vez espiritual " - Handbook of Latin American Studies, vol 58. 4aPoesía venezolana 4aLiteratura venezolana 0aCuadernos de difusión ;vno. 202.